|
|
|
|
| LEADER |
00000cam a2200000 7i4500 |
| 001 |
0000242578 |
| 005 |
20200609212438.0 |
| 020 |
|
|
|a 9781633697201
|
| 090 |
0 |
0 |
|a 658.4063
|b DYE
|
| 100 |
1 |
|
|a Dyer, Jeff
|
| 245 |
1 |
4 |
|a The innovator's DNA :
|b mastering the five skills of disruptive innovators
|c Jeff Dyer, Hal Gregersen, Clayton M. Christensen
|
| 260 |
|
|
|a Boston, Massachusetts :
|b Harvard Business Review Press ,
|c 2019
|
| 300 |
|
|
|a 307p. ;
|c 24cm.
|
| 650 |
|
0 |
|a Creative ability in business
|
| 650 |
|
0 |
|a Entrepreneurship
|
| 650 |
|
0 |
|a Technological innovations
|
| 700 |
1 |
|
|a Christensen, Clayton M.
|
| 700 |
1 |
|
|a Gregersen, Hal
|
| 999 |
|
|
|a 00380771
|b BUKU
|c RUJUKAN
|e PERPUSTAKAAN KOMUNITI PETALING JAYA
|